|
|
|
|
| LEADER |
05018nam a2200553 4500 |
| 001 |
978-3-319-95345-8 |
| 003 |
DE-He213 |
| 005 |
20191026081138.0 |
| 007 |
cr nn 008mamaa |
| 008 |
181111s2019 gw | s |||| 0|eng d |
| 020 |
|
|
|a 9783319953458
|9 978-3-319-95345-8
|
| 024 |
7 |
|
|a 10.1007/978-3-319-95345-8
|2 doi
|
| 040 |
|
|
|d GrThAP
|
| 050 |
|
4 |
|a GE1-350
|
| 072 |
|
7 |
|a RNP
|2 bicssc
|
| 072 |
|
7 |
|a SCI026000
|2 bisacsh
|
| 072 |
|
7 |
|a RNP
|2 thema
|
| 082 |
0 |
4 |
|a 577.14
|2 23
|
| 245 |
1 |
0 |
|a Sustainability of Agricultural Environment in Egypt: Part I
|h [electronic resource] :
|b Soil-Water-Food Nexus /
|c edited by Abdelazim M. Negm, Mohamed Abuhashim.
|
| 250 |
|
|
|a 1st ed. 2019.
|
| 264 |
|
1 |
|a Cham :
|b Springer International Publishing :
|b Imprint: Springer,
|c 2019.
|
| 300 |
|
|
|a XVI, 378 p. 60 illus.
|b online resource.
|
| 336 |
|
|
|a text
|b txt
|2 rdacontent
|
| 337 |
|
|
|a computer
|b c
|2 rdamedia
|
| 338 |
|
|
|a online resource
|b cr
|2 rdacarrier
|
| 347 |
|
|
|a text file
|b PDF
|2 rda
|
| 490 |
1 |
|
|a The Handbook of Environmental Chemistry,
|x 1867-979X ;
|v 76
|
| 505 |
0 |
|
|a Part I. Introduction -- Applicability of Sustainable Agriculture in Egypt -- Part II. Overview of Egyptian Sustainable Agriculture -- Deficit Irrigation Management as Strategy Under Conditions of Water Scarcity; Potential Application in North Sinai, Egypt -- Soil toxicology: Potential Approach on the Egyptian Agro-environment -- Part III. Potential application of crop productivity -- Potential Role of Intercropping in Maintaining and Facilitating Environmental Sustainability -- Role of Intercropping in Increasing Sustainable Crop Production and Reducing Food Gap in Egypt -- Sustainable Cultivation of Rice in Egypt -- Part IV. Biotechnology Application for Agricultural Sustainability -- Bioactive Compounds in Soybean Proteins and its Applications in Food Systems -- Influence of natural plant extracts in reducing soils & water contaminates -- Underutilized Plant Species and Agricultural Sustainability in Egypt -- Plant Biotechnology Status in Egypt -- Fermented Food in Egypt: A Sustainable Bio-preservation to Improve the Safety of Food -- Part V. Potentiality of Soil Sensing for Sustainable Agriculture -- Geostatistics and Proximal Soil Sensing for Sustainable Agriculture -- Sustainable Indicators in Arid Region; Case study - Egypt -- Implication of Geo-Informatics (GIS/RS) on Agricultural Irrigation Management: The State of the Art -- Importance of Forage Mixtures in Increasing Sustainable Food Supply in Egypt -- Hydrological Simulation of a Rainfed Agricultural Watershed using the Soil and Water Assessment Tool (SWAT) -- Part VI. Conclusions -- Update, Conclusions, and Recommendations for Sustainability of the Agricultural Environment in Egypt: The Soil-Water-Food Nexus.
|
| 520 |
|
|
|a This volume discusses the sustainability of Egypt's agriculture and the challenges involved. It provides a comprehensive review and the latest research findings, and covers a variety of topics under the following themes: · Applicability of sustainable agriculture in Egypt · Sustainable agriculture under water scarcity and polluted soil environments · Improved crop productivity using a variety of tried and tested procedures · Biotechnology application for agricultural sustainability and food security · Potentiality of soil-sensing for a more sustainable agricultural environment The volume closes with a summary of the key conclusions and recommendations from all chapters. Together with the companion volume Sustainability of Agricultural Environment in Egypt: Part II, it offers an essential source of information for postgraduate students, researchers, and stakeholders alike.
|
| 650 |
|
0 |
|a Environmental chemistry.
|
| 650 |
|
0 |
|a Sustainable development.
|
| 650 |
|
0 |
|a Agriculture.
|
| 650 |
|
0 |
|a Environmental management.
|
| 650 |
|
0 |
|a Plant breeding.
|
| 650 |
1 |
4 |
|a Environmental Chemistry.
|0 http://scigraph.springernature.com/things/product-market-codes/U15000
|
| 650 |
2 |
4 |
|a Sustainable Development.
|0 http://scigraph.springernature.com/things/product-market-codes/U34000
|
| 650 |
2 |
4 |
|a Agriculture.
|0 http://scigraph.springernature.com/things/product-market-codes/L11006
|
| 650 |
2 |
4 |
|a Water Policy/Water Governance/Water Management.
|0 http://scigraph.springernature.com/things/product-market-codes/215000
|
| 650 |
2 |
4 |
|a Plant Breeding/Biotechnology.
|0 http://scigraph.springernature.com/things/product-market-codes/L24060
|
| 700 |
1 |
|
|a Negm, Abdelazim M.
|e editor.
|4 edt
|4 http://id.loc.gov/vocabulary/relators/edt
|
| 700 |
1 |
|
|a Abuhashim, Mohamed.
|e editor.
|4 edt
|4 http://id.loc.gov/vocabulary/relators/edt
|
| 710 |
2 |
|
|a SpringerLink (Online service)
|
| 773 |
0 |
|
|t Springer eBooks
|
| 776 |
0 |
8 |
|i Printed edition:
|z 9783319953441
|
| 776 |
0 |
8 |
|i Printed edition:
|z 9783319953465
|
| 830 |
|
0 |
|a The Handbook of Environmental Chemistry,
|x 1867-979X ;
|v 76
|
| 856 |
4 |
0 |
|u https://doi.org/10.1007/978-3-319-95345-8
|z Full Text via HEAL-Link
|
| 912 |
|
|
|a ZDB-2-EES
|
| 950 |
|
|
|a Earth and Environmental Science (Springer-11646)
|